000 00595nam a2200217Ia 4500
003 BUBTL
008 151213s9999 xx 000 0 und d
020 _a9848711125
082 _a347.5491077/ Z52s/ 2013
100 _aZerin, Syeda Afroza
_94579
245 _aThe Specific Relief Act/
_cSyeda Afrza Zerin
250 _a4th ed
260 _aDhaka
_bShams Publication
_cc2013
300 _a280p. :
_b21cm
500 _aIncludes Index
650 _aLaw
700 _bSyeda Afrza Zerin
_94580
856 _k0
_l0
_yDownload
942 _2ddc
_cBK
999 _c4024
_d4024